| 000 | 01140nam a22002417a 4500 | ||
|---|---|---|---|
| 008 | 110727s ua||||| |||| 00| 0 ara d | ||
| 020 | _a0632011998 | ||
| 082 |
_222 _a614.1 _bج ي ج |
||
| 100 | 1 |
_926449 _aجي ، د. ج. |
|
| 245 |
_aالموجز اللإرشادي عن الطب الشرعي / _cد. ج. جي ؛ ترجمة عاطف بدوي |
||
| 260 |
_aالكويت : _bالمركز العربي للوثائق والمطبوعات الصحية ، _c[د . ت]. |
||
| 300 |
_a306 ص : _bايض ؛ _c24 سم. |
||
| 490 | 0 |
_926450 _aسلسلة الموجزات الإرشادية |
|
| 504 | _aيشتمل على إرجاعات ببليوجرافية (ك ، 305-306( | ||
| 650 |
_921520 _aالطب الشرعي |
||
| 650 |
_926453 _aالجرائم الجنسية |
||
| 650 |
_926454 _aالسموم |
||
| 650 |
_926455 _aتحقيق الشخصية |
||
| 653 |
_bGeneral _cJuly2011 |
||
| 700 |
_926457 _aبدوي ، عاطف _eترجمة |
||
| 942 |
_2ddc _cBB |
||
| 999 |
_c15747 _d15747 |
||